00522nam a2200193 a 4500001001300000003000900013005001700022008004100039020001200080082001500092100002500107245004400132260004300176300000900219500003500228505002400263650001600287700002500303nice12345678IN_TiNIC20260116012104.0050524s1971 lona grp 000 0 eng  ac547.500a940.3bBUS aBusch, Briton Cooper aBritain, India, and the Arabs 1914-1921 aLondonbUniversity of Californiac1971 a522p aincludes index and biblioraphy2 aBibliography, Index aWorld War 11 aBusch, Briton Cooper